| 000 | 00649nam a22002297a 4500 | ||
|---|---|---|---|
| 999 |
_c4740 _d4740 |
||
| 003 | OSt | ||
| 005 | 20210323155439.0 | ||
| 008 | 160714b xxu||||| |||| 00| 0 eng d | ||
| 020 | _a 9780851989204 | ||
| 020 | _a0851989209 | ||
| 040 | _cDDC | ||
| 082 | _a630 TRI 1994 | ||
| 100 |
_aTribe, Derek E. _910214 |
||
| 245 | _aFeeding and Greening the world: the role of international agricultural research | ||
| 260 | _aUK; CAB International, 1994 | ||
| 300 |
_axviii,274p; _bill: _c23cm. |
||
| 504 | _aReferences, & index included | ||
| 650 |
_aFeeding _910215 |
||
| 650 |
_aGreening _914017 |
||
| 650 |
_aAgriculture _94591 |
||
| 942 |
_2ddc _cO_SHELF |
||